Grécka a rímska mytológia

Na minha lista:
Detalhes bibliográficos
Main Authors: Estinová, Colette (Author), Laporteová, Héléne (Author)
Formato: Livro
Idioma:eslovaco
Publicado em: Bratislava : Mladé letá, 1994
Tags: Adicionar Tag
Sem tags, seja o primeiro a adicionar uma tag!

MARC

LEADER 00000nam a22000003a 4500
001 stu27892
005 20150617225737.1
008 950206s1994----xo------------------slo-d
020 |a 80-06-00561-3 
040 |a STU  |b slo 
041 0 |a slo 
044 |a xo 
080 |a 937/938  |7 A000002096 
100 1 |a Estinová, Colette  |4 aut 
245 1 |a Grécka a rímska mytológia 
260 |a Bratislava :  |b Mladé letá,  |c 1994 
300 |a 260 s 
500 |a prel. z franc.orig. 
700 1 |a Laporteová, Héléne  |4 aut 
996 |b 284V027165  |c V*43196/O-18636  |l VVT  |s A  |a 24  |w stu27892_0001